000 00738nam a2200277Ia 4500
001 8212
005 20240113234056.0
007 ta
008 050718s1987 a g b000 u eng u
020 _a81-212-0083-0
040 _aCotton College,Assam
041 _aeng
082 _a910.63
_bDu 851 Ag
100 _aDube, R.S. .
245 0 _aAgricultural Geography: Issues and Applications /
_cR.S. Dube.
_hTextual Documents
250 _a1st ed. /
260 _aDelhi :
_bGian Publishing House ,
_c1987.
300 _a190p. :
_bill. ;
_c22cm .
504 _aIndex
653 _aGeography
653 _aAgricultural geography
653 _aPG-Geography
942 _2ddc
_cBK
999 _c8199
_d8199